000 00282nam a22001337a 4500
008 181122b xxu||||| |||| 00| 0 eng d
020 _a9780072408591
041 _aeng
080 _25th
_a338
100 _a53
101 _aMNG
245 _aManagement
_cBateman
942 _2udc
_cBK
999 _c52410
_d52410